Symbolic logic / (Record no. 170475)

MARC details
000 -LEADER
campo de control de longitud fija 00776nam a2200265 i 4500
001 - NÚMERO DE CONTROL
campo de control 170475
003 - IDENTIFICADOR DE NÚMERO DE CONTROL
campo de control ES-MaACL
005 - FECHA Y HORA DE LA ÚLTIMA TRANSACCIÓN
campo de control 20230906214402.0
008 - DATOS DE LONGITUD FIJA--INFORMACIÓN GENERAL
campo de control de longitud fija 090309s1971 xxu |||| | sen d
020 ## - NÚMERO INTERNACIONAL ESTÁNDAR DEL LIBRO
Número Internacional Estándar del Libro 0-8284-0251-5
080 ## - NÚMERO DE LA CLASIFICACIÓN DECIMAL UNIVERSAL
Número de la Clasificación Decimal Universal 164
100 1# - ENTRADA PRINCIPAL--NOMBRE DE PERSONA
Nombre de persona Venn, John.
9 (RLIN) 139607
245 10 - MENCIÓN DEL TÍTULO
Título Symbolic logic /
Mención de responsabilidad, etc. by John Venn.
250 ## - MENCION DE EDICION
Mención de edición [Facsim. ed].
260 ## - PUBLICACIÓN, DISTRIBUCIÓN, ETC.
Lugar de publicación, distribución, etc. New York :
Nombre del editor, distribuidor, etc. Chelsea,
Fecha de publicación, distribución, etc. 1971.
300 ## - DESCRIPCIÓN FÍSICA
Extensión XXXVIII, 540 p. ;
Dimensiones 21 m.
500 ## - NOTA GENERAL
Nota general Índice.
504 ## - NOTA DE BIBLIOGRAFÍA, ETC.
Nota de bibliografía, etc. Bibliografía.
534 ## - NOTA SOBRE LA VERSIÓN ORIGINAL
Frase introductoria Reprod. facs. de:,
Mención de edición del original 2ª ed,
Publicación, distribución, etc. del original Londres, 1894.
650 #4 - PUNTO DE ACCESO ADICIONAL DE MATERIA--TÉRMINO DE MATERIA
Término de materia o nombre geográfico como elemento de entrada Lógica simbólica.
9 (RLIN) 14702
655 #7 - TERMINO DE INDIZACIÓN--GENERO/FORMA
Fuente del término tgfbne
9 (RLIN) 226495
Datos o término principal de género/forma Facsímiles
852 4# - LOCALIZACIÓN
Ubicación ES-MaACL
Número de control de estantería E-12495
Nota libre . - Biblioteca Jacinto Martínez Lacalle
942 ## - ELEMENTOS DE ENTRADA SECUNDARIOS (KOHA)
Fuente del sistema de clasificación o colocación Clasificación decimal universal
Holdings
Estatus retirado Estado de pérdida Estado de daño No para préstamo Biblioteca de origen Biblioteca actual Ubicación en estantería Fecha de adquisición Fuente de adquisición Total de préstamos Signatura topográfica completa Código de barras Visto por última vez Precio de reemplazo Tipo de ítem Koha
        Biblioteca del Ateneo de Madrid Biblioteca del Ateneo de Madrid Depósito 2 09/03/2009     E-12495 1178925 23/02/2023 23/02/2023 Libro impreso